Fr. Conceicao Rodrigues College of Engineering

Modelling Semiconductors (Record no. 28421)

MARC details
000 -LEADER
fixed length control field 00221nam a2200121Ia 4500
082 ## - DEWEY DECIMAL CLASSIFICATION NUMBER
Item number 22561
100 ## - MAIN ENTRY--PERSONAL NAME
Personal name #N/A
245 ## - TITLE STATEMENT
Title Modelling Semiconductors
260 ## - PUBLICATION, DISTRIBUTION, ETC.
Name of publisher, distributor, etc. #N/A
546 ## - LANGUAGE NOTE
Language note ENGLISH
942 ## - ADDED ENTRY ELEMENTS (KOHA)
Koha item type BOOK
Holdings
Withdrawn status Lost status Damaged status Not for loan Collection Home library Current library Date acquired Total Checkouts Full call number Barcode Date last seen Price effective from Koha item type
        CD Fr. Agnel's C.Rodrigues College of Engineering Fr. Agnel's C.Rodrigues College of Engineering 17/03/2023   22561 CD2474 17/03/2023 17/03/2023 BOOK